000 00525nam a2200217Ia 4500
003 OSt
005 20220924153615.0
006 a|||||r|||| 00| 0
007 ta
008 220923b |||||||| |||| 00| 0 guj d
024 _a350968
037 _cTextual
040 _aARTS
_cARTS
_bguj
041 _2guj
_aguj
082 _aO156, P2
100 _aShevavar Ram Au.
_9229371
245 0 _aVinova saswat
260 _c2002
942 _hO156, P2
_cTEXL
_2CC
999 _c474244
_d474244